000 00683nam a2200265 4500
001 34936
010 _a9789896871079
021 _aPT
090 _a34936
100 _a20220920 frey50
101 1 _apor
102 _aPT
200 1 _aEncontre a sua paz interior
_fBrian L. Weiss
_gtrad. Joana Neves
205 _a2.ª ed
210 _aCascais
_cPergaminho,
_d2013
215 _a107, [4] p
_e1 CD
_d17 cm
225 2 _aObras de Brian Weiss
606 _aMeditação
_95285
606 _aVida espiritual
_92009
675 _a133.2
_vBN
_zpor
700 1 _aWeiss,
_bBrian L.,
_f1944-
702 1 _aNeves,
_bJoana
_4730
801 0 _aPT
_bRMBL
_gRPC
990 _cLIVROS
994 _aCOMP